Spotreba v sieťach verejného osvetlenia
Gespeichert in:
| 1. Verfasser: | |
|---|---|
| Weitere Verfasser: | |
| Format: | Manuskript Buch |
| Sprache: | Slowakisch |
| Veröffentlicht: |
Bratislava :
STU v Bratislave FEI,
2023
|
| Schlagworte: | |
| Online-Zugang: | https://opac.crzp.sk/?fn=detailBiblioFormChildYGUQD&sid=2D2C61E4341E53665F67103BFA9A&seo=CRZP-detail-kniha |
| Tags: |
Keine Tags, Fügen Sie das erste Tag hinzu!
|
MARC
| LEADER | 00000ntm a22000003a 4500 | ||
|---|---|---|---|
| 001 | stuzp88551 | ||
| 003 | SK-STU | ||
| 005 | 20241126111127.7 | ||
| 007 | ta | ||
| 008 | 150427s2015----xo-----f-mn---000-0-slo-d | ||
| 040 | |a STU |b slo | ||
| 041 | 0 | |a slo | |
| 044 | |a xo | ||
| 100 | 1 | |a Pavlov, Samuel |u 032000 |4 aut |U FEI Fakulta elektrotechniky a informatiky |T FEI Ústav elektroenergetiky a aplikovanej elektrotechniky |X 98068 |U E020 |Y 548 |7 98068 | |
| 242 | 0 | 1 | |a Electricity Consumption of Street Light Grids |y eng |
| 245 | 1 | 0 | |a Spotreba v sieťach verejného osvetlenia |
| 260 | |a Bratislava : |b STU v Bratislave FEI, |c 2023 | ||
| 300 | |a 120 s. | ||
| 650 | 4 | |a činný výkon |2 slo | |
| 650 | 4 | |a verejné osvetlenie |2 slo | |
| 650 | 4 | |a spotreba |2 slo | |
| 650 | 4 | |a street lighting |2 eng | |
| 650 | 4 | |a consumption |2 eng | |
| 650 | 4 | |a active power |2 eng | |
| 700 | 1 | |a Janiga, Peter |u 032000 |k Z1 |4 ths |U FEI Fakulta elektrotechniky a informatiky |T FEI Ústav elektroenergetiky a aplikovanej elektrotechniky |X 24468 |U E020 |Y 548 |7 A000024468 | |
| 856 | 4 | |u https://opac.crzp.sk/?fn=detailBiblioFormChildYGUQD&sid=2D2C61E4341E53665F67103BFA9A&seo=CRZP-detail-kniha | |